000 00372nam a2200169Ia 4500
100 _aRoss/Timothy J
650 _aFuzzy logic
942 _cBK
366 _f20
654 _afuzzy logic
245 _aFuzzy logic with Engineering applications
260 _bWiley India
_c2010
082 _a4.65
_bROS
300 _a585
546 _aENGLISH
_cComputers
999 _c26597
_d26597